000
00278nam a2200109Ia 4500
008
220204s9999 xx 000 0 und d
082
_a
347.99
_b
FAR
100
_a
FARMER, J A
245
0
_a
Tribunals and Government
260
_a
London
_b
Weidenfeld and Nicolson
_c
1974
942
_c
BK
999
_c
29195
_d
29195